| 000 | 01670nam a2200457 c 4500 | ||
|---|---|---|---|
| 001 | 4694 | ||
| 003 | ES-MaCES | ||
| 005 | 20150929135725.0 | ||
| 008 | 970219s1995 sp d s 000 | spa d | ||
| 017 |
_aM 43024-1995 _bDL |
||
| 020 | _a8489397104 | ||
| 035 | _aCES19980047304m | ||
| 040 |
_aES-MaCES _bspa _cES-MaCES |
||
| 245 | 0 | 4 |
_aLas condiciones de vida de la población pobre de la Diócesis de Madrid _cEquipo de Investigación Sociológica, EDIS |
| 260 |
_aMadrid _bFundación FOESSA, Cáritas Madrid _c1995 |
||
| 300 |
_a293 p. _bgráf. _c24 cm |
||
| 490 | 1 |
_aSerie Pobreza _v13 |
|
| 500 | _aIncluye (p. 267-293): anexo: La pobreza en Madrid / Equipo Economía Cuantitativa del Bienestar, Universidad de Málaga | ||
| 541 | _cGratuito | ||
| 650 | 4 |
_aMadrid (Comunidad Autónoma) _930777 |
|
| 650 | 4 |
_acondiciones de vida _927111 |
|
| 650 | 4 |
_asocialmente desfavorecidos _929219 |
|
| 650 | 4 |
_apobreza _927112 |
|
| 650 | 4 |
_aingreso de los hogares _930031 |
|
| 650 | 4 |
_afamilia _927318 |
|
| 650 | 4 |
_avivienda _928598 |
|
| 650 | 4 |
_alucha contra la pobreza _930648 |
|
| 650 | 4 |
_ainvestigación sociológica _927260 |
|
| 650 | 4 |
_amétodo estadístico _929536 |
|
| 650 | 4 |
_acuadros estadísticos _928890 |
|
| 653 | 1 | 0 | _aAsuntos Sociales |
| 650 | 4 |
_927056 _aservicios sociales |
|
| 710 | 2 |
_aFundación FOESSA _eed. _93823 |
|
| 710 | 2 |
_aEquipo de Investigación Sociológica _92676 |
|
| 710 | 2 |
_aUniversidad de Málaga _bEquipo de Economía Cuantitativa del Bienestar _95311 |
|
| 740 | 3 | 2 | _aLa pobreza en Madrid |
| 830 | 0 |
_aSerie Pobreza _v13 _932737 |
|
| 902 | _aLIB Libro | ||
| 942 |
_2CES _cBK _h3.3. |
||
| 999 |
_c4694 _d4694 |
||